banner-ar

العصور الوسطى الباكرة: (Record no. 47995)

MARC details
000 -الفاتح
حقل البيانات ثابتة الطول 00965nam a2200253Ia 4500
005 - وقت وتاريخ اخر تعامل مع التسجيلة
رقم الضبط 20240530104457.0
008 - عناصر البيانات ثابتة الطول - معلومات عامة
حقل البيانات ثابتة الطول 140319s9999 xx 000 0 ara d
017 ## - رقم الايداع القانونى
رقم الايداع القانونى 93/9667
المصدر ( الهيئة المختصة) دار روتابرينت
020 ## - الرقم الدولى المعيارى للكتب
الرقم الدولى المعيارى للكتاب 9775514002
040 ## - مصدر الفهرسة
وكالة الفهرسة الأصلية GCL /
وكالة النسخ GCL
082 04 - رقم تصنيف ديوى العشرى
رقم التصنيف 940.1
رقم المادة ك ع
100 1# - المدخل الرئيسى - إسم شخصى
الإسم الشخصى كانتور ف , نومان
245 10 - بيان العنوان
العنوان العصور الوسطى الباكرة:
بيان المسئوليه,etc كانتور ف , نومان ، ترجمة قاسم عبده قاسم
بقية العنوان القرن الثالث: القرن التاسع الميلادى /
300 ## - الوصف المادى
التعداد 387 ص ؛
أبعاد الوعاء 24 سم
650 04 - المدخل الاضافى بالموضوع-مصطلح موضوعى
مصطلح موضوعي تاريخ
650 04 - المدخل الاضافى بالموضوع-مصطلح موضوعى
مصطلح موضوعي العصور الوسطى
650 04 - المدخل الاضافى بالموضوع-مصطلح موضوعى
مصطلح موضوعي حضارة العصور الوسطى
650 04 - المدخل الاضافى بالموضوع-مصطلح موضوعى
مصطلح موضوعي اوربا
650 04 - المدخل الاضافى بالموضوع-مصطلح موضوعى
مصطلح موضوعي العصور الوسطى - تاريخ
700 1# - المدخل الاضافى - اسم شخصى
الإسم الشخصى قاسم عبده قاسم
الدور مترجم
942 ## - عناصر المدخل الإضافي( كوها)
مصدر التصنيف او مخطط الترفيف Dewey Decimal Classification
Koha [default] item type كتاب
260 ## - PUBLICATION, DISTRIBUTION, ETC. (IMPRINT)
-- القاهرة :
-- عين للدراسات والبحوث الانسانية والاجتماعية
Holdings
حالة التراجع حالة الفقد حالة تلف ليس للاعارة المكان المؤقت الموقع الحالى تاريخ الاكتساب اجمالي اﻻعارات رقم الطلب الباركود تاريخ اخر مشاهدة تاريخ تفعيل السعر نوع وعاء كوها
        مكتبة القاهرة الكبرى مكتبة القاهرة الكبرى 03/26/2014   940.1\ك ع 115769 03/26/2014 03/26/2014 كتاب

Powered By

EGPV